Věkový rozdíl mezi partnery / Tomáš Novák
Record details
- ISBN: 978-80-247-1595-7
- Physical Description: 123 s. ; 21 cm
- Edition: Vyd. 1.
- Publisher: Praha : Grada, 2007
Content descriptions
| Bibliography, etc. Note: | Obsahuje bibliografii |
Search for related items by subject
| Subject: | muži a ženy partnerské vztahy věkový rozdíl mezi partnery men and women partner relationships age difference between partners |
| Genre: | populárně-naučné publikace popular works |
Search for related items by series
Available copies
- 2 of 2 copies available at Common Catalog SPOK.
Holds
- 0 current holds with 2 total copies.
Show Only Available Copies
| Location | Call Number / Copy Notes | Barcode | Shelving Location | Status | Due Date |
|---|---|---|---|---|---|
| Jabok Library | Psy-6.1.5/N | 424480020273 | Odborná literatura | Available | - |
| Jabok Library | Psy-6.1.5/N | 424480022562 | Odborná literatura | Available | - |
Electronic resources
Version of Resource: Digitalizovaný dokument
| LDR | 01479nam a2200433 a 4500 | ||
|---|---|---|---|
| 001 | 14283 | ||
| 003 | CZ-PrJAB | ||
| 005 | 20191118083230.0 | ||
| 007 | ta | ||
| 008 | 070126s2007 xr e f 000 0 cze | ||
| 015 | . | ‡acnb001706630 | |
| 020 | . | ‡a978-80-247-1595-7 ‡q(brož.) | |
| 035 | . | ‡a(CZ PrNK)nkc20071706630 | |
| 035 | . | ‡a(OCoLC)124091399 | |
| 040 | . | ‡aOLA001 ‡bcze | |
| 072 | 7. | ‡a316.4/.7 ‡xSociální interakce. Sociální komunikace ‡2Konspekt ‡918 | |
| 080 | . | ‡a316.346.2 ‡2MRF | |
| 080 | . | ‡a316.472.42 ‡2MRF | |
| 080 | . | ‡a316.472.42-053 ‡2MRF | |
| 080 | . | ‡a(0.062) ‡2MRF | |
| 100 | 1 | . | ‡aNovák, Tomáš, ‡d1946- ‡7jn99240000788 ‡4aut |
| 245 | 1 | 0. | ‡aVěkový rozdíl mezi partnery / ‡cTomáš Novák |
| 250 | . | ‡aVyd. 1. | |
| 260 | . | ‡aPraha : ‡bGrada, ‡c2007 | |
| 300 | . | ‡a123 s. ; ‡c21 cm | |
| 490 | 1 | . | ‡aPartnerské vztahy |
| 504 | . | ‡aObsahuje bibliografii | |
| 650 | 0 | 7. | ‡amuži a ženy ‡7ph123061 ‡2czenas |
| 650 | 0 | 7. | ‡apartnerské vztahy ‡7ph115684 ‡2czenas |
| 650 | 0 | 7. | ‡avěkový rozdíl mezi partnery ‡7ph392783 ‡2czenas |
| 650 | 0 | 9. | ‡amen and women ‡2eczenas |
| 650 | 0 | 9. | ‡apartner relationships ‡2eczenas |
| 650 | 0 | 9. | ‡aage difference between partners ‡2eczenas |
| 655 | 7. | ‡apopulárně-naučné publikace ‡7fd131864 ‡2czenas | |
| 655 | 9. | ‡apopular works ‡2eczenas | |
| 830 | 0. | ‡aPartnerské vztahy | |
| 856 | 4 | 1. | ‡uhttp://krameriusndk.nkp.cz/search/handle/uuid:6d609920-6b49-11e5-9e57-005056827e52 ‡yDigitalizovaný dokument |
| 910 | . | ‡aABG312 | |
| 995 | . | ‡aska | |
| 901 | . | ‡a14283 ‡bCZ-PrJAB ‡c14283 ‡tbiblio | |